Statistics for Countries of Oceania by Flag-Shape

Click here to take the quiz!

General Stats

  • This quiz has been taken 30 times
  • The average score is 13 of 14

Answer Stats

Answer% Correct
Australia
100%
Fiji
95%
Kiribati
95%
New Zealand
95%
Solomon Islands
95%
Nauru
91%
Palau
91%
Papua New Guinea
91%
Tonga
91%
Tuvalu
91%
Micronesia
86%
Marshall Islands
86%
Samoa
86%
Vanuatu
86%

Score Distribution

Percentile by Number Answered

Percent of People with Each Score

Your Score History

You have not taken this quiz